| 000 | 00873nmc a2200313 a 4500 | ||
|---|---|---|---|
| 003 | AR-BaBNM | ||
| 005 | 20251128211156.0 | ||
| 008 | 143020s2000 ||||||||||||||000 | spa|| | ||
| 020 | _a84-493-0905-0 | ||
| 040 | _cAR-BaBNM | ||
| 100 | 1 | _aFontana, David | |
| 245 | 1 | 0 | _aEl control del comportamiento en el aula |
| 250 | _a1ª ed. | ||
| 260 |
_aBarcelona _bPaidós _c2000 |
||
| 300 | _a192 p. | ||
| 490 | 0 |
_aTemas de educación _vv. 52 |
|
| 500 | _aIndice de materias: p. 195-197 | ||
| 504 | _aContiene referencias bibliográficas p. 187-188 | ||
| 650 | 4 | _aCOMPORTAMIENTO DEL ALUMNO | |
| 650 | 4 | _aPROBLEMAS DISCIPLINARIOS | |
| 650 | 4 | _aCONDUCCION DE LA CLASE | |
| 650 | 4 | _aTEORIAS PSICOLOGICAS | |
| 650 | 4 | _aCONDUCTISMO | |
| 650 | 4 | _aDISCIPLINA ESCOLAR | |
| 653 | _aPSICOLOGIA COGNITIVA | ||
| 800 | 1 | _aColl, César | |
| 942 | _cBK | ||
| 998 | _craquel | ||
| 999 |
_c18581 _d18581 |
||